000 01269nam a2200337 i 4500
001 000046866
003 DO-SdBNP
005 20251120115516.0
007 ta
008 180404s2016 dr a 000 0 spa d
020 _a9789945586855
040 _aDO-SdBNP
_bspa
_cBNPHU
_erda
041 _aspa
082 4 _a972.93052
_bR696b
_222
100 1 _aRodríguez Bonilla, Manuel
_eautor
_4aut.
_938657
245 1 3 _aLa barranquita :
_bhablan los patriotas y la traición /
_cManuel Rodríguez Bonilla.
250 _aPrimera edición
264 4 _aSanto Domingo :
_bArchivo General de la Nación,
_c©2016.
300 _a324 páginas :
_bilustraciones ;
_c23 cm.
336 _atexto
_btxt
_2rdacontent
337 _asin mediación
_bn
_2rdamedia
338 _avolumen
_bnc
_2rdacarrier
490 0 _aArchivo General de la Nación ;
_v288
500 _aIncluye datos biográficos del autor en las solapas
500 _aIncluye índice onomástico, referencias y notas al pie de las páginas
590 _aInventariado, 2018/BT
650 4 _aBatalla de Barranquita, República Dominicana, 1916
_986762
651 4 _aRepública Dominicana
_xHistoria
_yOcupación norteamericana 1916-1924
_91926
910 _aBT/Validado. Control de calidad MFF
942 _2ddc
_cLBS1
999 _c46355
_d46355